| 000 | 00471nam a2200157 a 4500 | ||
|---|---|---|---|
| 001 | 4219 | ||
| 003 | CDMR | ||
| 005 | 20130508140859.0 | ||
| 008 | 130130s1979||||||||||||||||||||||||||||d | ||
| 040 |
_aCDMR _bcat _cCDMR |
||
| 245 | 0 |
_aCommunication indicators _b: [vol.] II : 100 years of mass communication in Germany |
|
| 260 |
_aParis _c1979 _bUnesco |
||
| 490 | 0 |
_aCommunication and society _v4 |
|
| 650 | 0 | 4 |
_93365 _aMitjans de comunicació de massa _zAlemanya |
| 942 |
_cMON _2udc |
||
| 999 |
_c4219 _d4219 |
||